[Event "Randy(Beauregard)  Bahr III memorial"]
[Site "SchemingMind.com"]
[Date "2025.01.02"]
[Round "-"]
[White "Robert Bruce"]
[Black "William Lindberg"]
[Result "1/2-1/2"]
[WhiteCountry "SCO"]
[BlackCountry "USA"]
[WhiteElo "2389"]
[WhiteRD "69"]
[BlackElo "2348"]
[BlackRD "67"]
[GameID "750308"]

1. c4 e5 2. Nc3 Nf6 3. Nf3 Nc6 4. g3 Bb4 5. Bg2 O-O 6. Nd5 e4 7. Nh4 d6 8. b3 g5 9. Bb2 Nxd5 10. cxd5 Ne5
11. a3 Ba5 12. f4 Ng4 13. fxg5 Qxg5 14. b4 Bb6 15. e3 Nxh2 16. Qe2 Qxg3+ 17. Qf2 Qxf2+ 18. Kxf2 Ng4+ 19. Ke2 f5 20. Rag1 Kf7
21. Bh3 h5 22. Bxg4 hxg4 23. Ng2 Ke8 24. Nf4 c6 25. Rh7 cxd5 26. Rgh1 Rf7 27. Rh8+ Kd7 28. a4 Bd8 29. b5 a6 30. Bd4 b6
31. R1h5 axb5 32. axb5 Ra3 33. Rg8 Bb7 34. Kf2 Ra2 35. Kg3 Ra8 36. Rgh8 Bc8 37. Rh1 Ra2 38. Rg8 Bb7 39. Rh5 Ra3 40. Ng6 Kc7
41. Nf4 Kd7 42. Ng6 Kc7 43. Rh1 Ra4 44. Rc1+ Kd7 45. Rh1 Kc7 46. Nf4 Kd7 47. Rhh8 Ra8 48. Ng6 Kc7 49. Kh2 Rc8 50. Nf4 Kd7
51. Rg6 Be7 52. Rh5 Kc7 53. Re6 Kb8 54. Ng6 Bd8 55. Kg3 Rc1 56. Nf4 Rf8 57. Rxd6 Bc7 58. Rg6 Rf7 59. Kf2 Ka7 60. Rhh6 Rc4
61. Ne6 f4 62. Nxc7 fxe3+ 63. Kxe3 Rf3+ 64. Ke2 Rxd4 65. Ne6 Ra4 66. Rh7 Rh3 67. Rd7 Rh2+ 68. Ke3 Rh3+ 69. Ke2 Rh2+ 70. Ke3 Rh3+
71. Ke2 Rh2+=
1/2-1/2

[Event "Randy(Beauregard)  Bahr III memorial"]
[Site "SchemingMind.com"]
[Date "2025.01.02"]
[Round "-"]
[White "William Lindberg"]
[Black "Robert Bruce"]
[Result "1/2-1/2"]
[WhiteCountry "USA"]
[BlackCountry "SCO"]
[WhiteElo "2348"]
[WhiteRD "67"]
[BlackElo "2389"]
[BlackRD "69"]
[GameID "750309"]

1. e4 c6 2. d4 d5 3. Nd2 e5 4. dxe5 Ne7 5. Ngf3 dxe4 6. Nxe4 Qxd1+ 7. Kxd1 Ng6 8. Be3 Bg4 9. Nd6+ Bxd6 10. exd6 Kd7
11. Kd2 Bxf3 12. gxf3 Kxd6 13. Rd1 Kc7 14. Rg1 Nd7 15. Kc1 Rhg8 16. f4 Nb6 17. c4 Rae8 18. Rg3 Ne7 19. Bd3 g6 20. Rf3 Nf5
21. Bxf5 gxf5 22. b3 Nd7 23. Rh3 Nf6 24. Bd4 Rg6 25. Be5+ Kc8 26. Rhd3 Ng4 27. Bd4 b6 28. h3 c5 29. hxg4 cxd4 30. g5 f6
31. gxf6 Rxf6 32. Rxd4 a5 33. Rh1 Re2 34. Rd2 Re7 35. Kd1 h6 36. Rd3 Re4 37. f3 Re7 38. Kd2 Kc7 39. Rh2 Rh7 40. Rh5 Rg7
41. Rh2 Rh7 42. Kc3 h5 43. Rh4 Rg6 44. Rd5 Rg3 45. Kd4 Rxf3 46. Rxf5 Rf2 47. a4 Kc6 48. Rb5 Rf1 49. Ke4 Re1+ 50. Kf3 Rf1+
51. Ke2 Rb1 52. Kf2 Rd7 53. Rhxh5 Rd3 54. Rhe5 Rb2+ 55. Re2 Rbxb3 56. Rxb3 Rxb3 57. f5 Kd7 58. f6 Rh3 59. Re7+ Kd6 60. Rb7 Kc6
61. f7 Rh8 62. Re7 Rf8 63. Ke2 Kd6 64. Ra7 Ke6 65. Rb7 Rxf7 66. Rxb6+ Ke5 67. Ke3 Rf8 68. Ra6 Rf1=
1/2-1/2

[Event "Randy(Beauregard)  Bahr III memorial"]
[Site "SchemingMind.com"]
[Date "2025.01.02"]
[Round "-"]
[White "Robert Bruce"]
[Black "Matthew Bailey"]
[Result "1/2-1/2"]
[WhiteCountry "SCO"]
[BlackCountry "ENG"]
[WhiteElo "2318"]
[WhiteRD "66"]
[BlackElo "2589"]
[BlackRD "75"]
[GameID "750341"]

1. e4 c5 2. Nf3 d6 3. d4 cxd4 4. Qxd4 Nf6 5. Nc3 Nc6 6. Qd3 g6 7. Nd5 Bg7 8. c3 O-O 9. Bg5 Be6 10. Be2 Qa5
11. b4 Qa3 12. O-O Nxd5 13. exd5 Ne5 14. Qd1 Nxf3+ 15. Bxf3 Bd7 16. Bxe7 Rfe8 17. Bxd6 Bb5 18. Bc7 Bxf1 19. Qxf1 Qxc3 20. Rc1 Qxb4
21. Rb1 Qa4 22. d6 Re6 23. g3 Bd4 24. Kg2 Be5 25. Qd1 Qd7 26. Bg4 Bxd6 27. Bxe6 Qxc7 28. Bd5 Rb8 29. h4 b6 30. h5 Rd8
31. Qd3 Kf8 32. Rd1 Qe7 33. Qf3 Kg7 34. Bb3 f5 35. Kf1 Bb4 36. Rxd8 Qxd8 37. g4 Qd2 38. hxg6 hxg6 39. gxf5 Qc1+ 40. Kg2 Qg5+
41. Kf1 Qc1+ 42. Kg2 Qg5+ 43. Kf1 Qc1+=
1/2-1/2

[Event "Randy(Beauregard)  Bahr III memorial"]
[Site "SchemingMind.com"]
[Date "2025.01.02"]
[Round "-"]
[White "Matthew Bailey"]
[Black "Robert Bruce"]
[Result "*"]
[WhiteCountry "ENG"]
[BlackCountry "SCO"]
[WhiteElo "2589"]
[WhiteRD "75"]
[BlackElo "2318"]
[BlackRD "66"]
[GameID "750342"]

1. e3 d5 2. c4 e6 3. Nc3 c6 4. Nf3 Nf6 5. b3 Bd6 6. Bb2 O-O 7. Be2 e5 8. cxd5 cxd5 9. Nb5 Nc6 10. Nxd6 Qxd6
11. d4 e4 12. Ne5 Nd7 13. Nxc6 Qxc6 14. O-O Re8 15. Ba3 Nf6 16. Qd2 Re6 17. Rfc1 Qe8 18. Qc3 Bd7 19. Qc7 Rb6 20. Rc5 Rc8
21. Qg3 Re6 22. Rac1 Rcc6 23. Rxc6 Rxc6 24. Rxc6 Bxc6 25. Qc7 a6 26. Kf1 Qd7 27. Qxd7 Nxd7 28. Ke1 Bb5 29. Bxb5 axb5 30. Bd6 Nf6
31. Kd2 Ne8 32. Bg3 b4 33. f3 g5 34. Ke2 h5 35. Be1 f5 36. Bxb4 Kf7 37. a4 Ke6 38. Bf8 Kf7 39. Bc5 Ke6 40. b4 Nc7
41. b5 Kd7 42. Kf2 exf3 43. gxf3 f4 44. Bf8 Ne6 45. Bh6 b6 46. e4 Kd6 47. h3 Nxd4 48. h4 dxe4 49. fxe4 gxh4 50. Bxf4+ Kd7
51. Be3 Nb3
*

[Event "Randy(Beauregard)  Bahr III memorial"]
[Site "SchemingMind.com"]
[Date "2025.01.02"]
[Round "-"]
[White "William Lindberg"]
[Black "Matthew Bailey"]
[Result "0-1"]
[WhiteCountry "USA"]
[BlackCountry "ENG"]
[WhiteElo "2348"]
[WhiteRD "67"]
[BlackElo "2571"]
[BlackRD "71"]
[GameID "750343"]

1. e4 c5 2. Nc3 Nc6 3. Nf3 g6 4. Bb5 Bg7 5. O-O e5 6. d3 Nge7 7. Bc4 O-O 8. Nd5 Nxd5 9. Bxd5 h6 10. Re1 Ne7
11. Bb3 d6 12. h3 Kh7 13. Bc4 f5 14. a4 Bd7 15. c3 a5 16. Bb5 Bxb5 17. axb5 Qd7 18. c4 b6 19. b3 Rf7 20. Nh2 Raf8
21. Rf1 Ng8 22. Ra2 Nf6 23. exf5 gxf5 24. Re2 Rg8 25. Ree1 Qb7 26. Kh1 Bf8 27. Rg1 Rfg7 28. Nf3 Be7 29. Qd2 Kh8 30. Kh2 Rg6
31. Qe2 Nh7 32. g3 R8g7 33. Ref1 Bg5 34. Be3 Nf8 35. g4 f4 36. Bc1 Be7 37. Bb2 Kg8 38. Nd2 Bd8 39. f3 Bh4 40. Ne4 Qd7
41. Nc3 Ne6 42. Ne4 Rh7 43. Rd1 h5 44. Kg2 hxg4 45. hxg4 Qg7 46. Rh1 Rgh6 47. Rdg1 Bg3 48. Rxh6 Qxh6 49. Kf1 Qg6 50. Nxd6 Rh2
51. Rg2 Rh1+ 52. Rg1 Qh6 53. Bxe5 Ng5 54. Bxf4 Qh3+ 55. Qg2 Rxg1+ 56. Kxg1 Bxf4 57. Qxh3 Nxh3+ 58. Kg2 Bxd6 59. Kxh3 Bf4 60. g5 Bxg5
61. Kg4 Bf6 62. Kf4 Kf7 63. Ke4 Ke6 64. f4 Bc3 65. f5+ Kd6 66. Kf4 Bf6 67. Ke4 Bg5 68. d4 cxd4 69. Kxd4 Bf6+ 70. Ke3 Kc5
71. Ke4 Kb4 72. Kd5 Be7 73. Kc6 Bc5 74. f6 Kxb3 75. f7 Kxc4 76. f8=Q Bxf8 77. Kxb6 a4 78. Kc6 Bc5 79. b6 Bxb6 80. Kxb6 a3
0-1

[Event "Randy(Beauregard)  Bahr III memorial"]
[Site "SchemingMind.com"]
[Date "2025.01.03"]
[Round "-"]
[White "Matthew Bailey"]
[Black "William Lindberg"]
[Result "1-0"]
[WhiteCountry "ENG"]
[BlackCountry "USA"]
[WhiteElo "2571"]
[WhiteRD "71"]
[BlackElo "2348"]
[BlackRD "67"]
[GameID "750344"]

1. e4 e5 2. Nf3 Nc6 3. Bb5 a6 4. Ba4 Nf6 5. O-O Be7 6. Re1 b5 7. Bb3 O-O 8. a4 b4 9. d4 d6 10. dxe5 dxe5
11. Nbd2 Bc5 12. a5 Ng4 13. Rf1 Nf6 14. Bc4 Bb7 15. Bd3 Ba7 16. Nb3 Re8 17. Qe2 h6 18. Bd2 Qd6 19. Be3 Bxe3 20. fxe3 Rf8
21. h3 Nh5 22. Rf2 Nf6 23. Rd1 Rfd8 24. Nh2 Bc8 25. Rdf1 Ne7 26. Nd2 Ng6 27. b3 Qe7 28. Rxf6 gxf6 29. Rf2 Kh7 30. Bc4 Rg8
31. Ng4 Bxg4 32. Qxg4 Nf8 33. Qf5+ Rg6 34. Nf3 Qd7 35. Rd2 Qxf5 36. exf5 Rg8 37. Bxf7 Rg7 38. Bd5 Rb8 39. Bc6 e4 40. Nh2 Re7
41. Ng4 Kg7 42. Rd5 Nh7 43. h4 h5 44. Nf2 Re5 45. Rd7+ Kh6 46. Nxe4 Rg8 47. Rxc7 Rg7 48. Rc8 Rxa5 49. Rh8 Rf7 50. Rd8 Rc7
51. Bd5 Ra1+ 52. Kf2 Rxc2+ 53. Kg3 Rc7 54. Nd6 Rg7+ 55. Kf3 Rg4 56. g3 Rc1 57. Rd7 Nf8 58. Rf7 Nh7 59. Ra7 Nf8 60. Ne8 Rf1+
61. Kg2 Rxf5 62. e4 Re5 63. Nxf6 Rg7 64. Rxa6 Ng6 65. Kf2 Rc7 66. g4 hxg4 67. Nxg4+ Kh5 68. Rxg6 Rxd5 69. Rh6+ Kxg4 70. exd5 Kf4
71. Rc6 Rd7 72. Rc4+ Ke5 73. h5 Kxd5 74. h6 Rb7 75. Ke3 Ke5 76. Rh4 Rh7 77. Kd3 Kf6 78. Kc4 Ke6 79. Kxb4 Kf7 80. Kb5 Kg8
81. b4 Rf7 82. Rc4 Ra7 83. Rc6 Ra8 84. Kc5 Rf8 85. b5 Kh7 86. b6 Rf5+ 87. Kd6 Rf6+ 88. Kc7 Rf7+ 89. Kb8 Rf8+ 90. Ka7 Rf2
91. b7 Rf7 92. Ka8 Rf2 93. b8=Q Ra2+ 94. Qa7+ Rxa7+ 95. Kxa7 Kg8 96. Kb7 Kh7 97. Kc8 Kg8 98. Kd7 Kh8 99. Ke7 Kg8 100. Rc8+ Kh7
101. Kf6
1-0

[Event "Randy(Beauregard)  Bahr III memorial"]
[Site "SchemingMind.com"]
[Date "2025.01.02"]
[Round "-"]
[White "Robert Bruce"]
[Black "Robert Hatfield"]
[Result "1-0"]
[WhiteCountry "SCO"]
[BlackCountry "USA"]
[WhiteElo "2389"]
[WhiteRD "69"]
[BlackElo "1707"]
[BlackRD "58"]
[GameID "750364"]

1. e4 Nf6 2. e5 Nd5 3. d4 d6 4. Nf3 Bg4 5. Be2 e6 6. O-O Be7 7. c4 Nb6 8. Nc3 O-O 9. h3 Bh5 10. Be3 d5
11. b3 Nc6 12. c5 Nd7 13. b4 Nxb4 14. Rb1 a5 15. a3 Bxf3 16. Bxf3 Nc6 17. Rxb7 Qc8 18. Rb1 a4 19. Be2 Na5 20. Rb4 Nc6
21. Rxa4 h6 22. Bb5 Na7 23. Ba6 Qb8 24. Qg4 Kh7 25. Bd3+ g6 26. Qh5
1-0

[Event "Randy(Beauregard)  Bahr III memorial"]
[Site "SchemingMind.com"]
[Date "2025.01.02"]
[Round "-"]
[White "Robert Hatfield"]
[Black "Robert Bruce"]
[Result "0-1"]
[WhiteCountry "USA"]
[BlackCountry "SCO"]
[WhiteElo "1707"]
[WhiteRD "58"]
[BlackElo "2389"]
[BlackRD "69"]
[GameID "750365"]

1. e4 e5 2. Nf3 Nc6 3. Bb5 a6 4. Ba4 Nf6 5. O-O Be7 6. Re1 b5 7. Bb3 d6 8. c3 O-O 9. h3 Nb8 10. d4 Nbd7
11. Nbd2 Bb7 12. Bc2 Re8 13. Nf1 Bf8 14. Ng3 g6 15. a4 c5 16. d5 c4 17. Be3 Nc5 18. Bxc5 dxc5 19. Nf1 Rb8 20. axb5 axb5
21. Ra7 Qb6 22. Qa1 Ra8 23. Rxb7 Qxb7 24. Qb1 Qc7
0-1

[Event "Randy(Beauregard)  Bahr III memorial"]
[Site "SchemingMind.com"]
[Date "2025.01.02"]
[Round "-"]
[White "William Lindberg"]
[Black "Robert Hatfield"]
[Result "1-0"]
[WhiteCountry "USA"]
[BlackCountry "USA"]
[WhiteElo "2399"]
[WhiteRD "67"]
[BlackElo "1712"]
[BlackRD "56"]
[GameID "750366"]

1. c4 e5 2. Nc3 Nf6 3. a3 a5 4. Nf3 Nc6 5. e3 Be7 6. d4 exd4 7. exd4 d5 8. h3 O-O 9. Bd3 Re8 10. O-O h6
11. Bf4 Nb8 12. cxd5 Nxd5 13. Nxd5 Qxd5 14. Re1 Nc6 15. Ne5 Nxd4 16. Bc4
1-0

[Event "Randy(Beauregard)  Bahr III memorial"]
[Site "SchemingMind.com"]
[Date "2025.01.02"]
[Round "-"]
[White "Robert Hatfield"]
[Black "William Lindberg"]
[Result "0-1"]
[WhiteCountry "USA"]
[BlackCountry "USA"]
[WhiteElo "1712"]
[WhiteRD "56"]
[BlackElo "2399"]
[BlackRD "67"]
[GameID "750367"]

1. e4 e5 2. Nf3 Nc6 3. Bb5 a6 4. Ba4 Nf6 5. O-O Be7 6. Re1 b5 7. Bb3 O-O 8. c3 d5 9. exd5 Nxd5 10. Nxe5 Nxe5
11. Rxe5 c6 12. d4 Bd6 13. Re1 Qh4 14. g3 Qh3 15. Be3 Bg4 16. Qd3 Qh5 17. Nd2 Rae8 18. a4 Re6 19. axb5 axb5 20. Nf1 Bf5
21. Qe2 Bg4 22. f3 Bxf3
0-1

[Event "Randy(Beauregard)  Bahr III memorial"]
[Site "SchemingMind.com"]
[Date "2025.01.02"]
[Round "-"]
[White "Robert Hatfield"]
[Black "Matthew Bailey"]
[Result "0-1"]
[WhiteCountry "USA"]
[BlackCountry "ENG"]
[WhiteElo "1712"]
[WhiteRD "56"]
[BlackElo "2569"]
[BlackRD "70"]
[GameID "750368"]

1. e4 c5 2. Nf3 d6 3. d4 cxd4 4. Nxd4 Nf6 5. Nc3 a6 6. Be2 e5 7. Nb3 Be7 8. O-O Be6 9. Be3 O-O 10. Qd2 Nbd7
11. a4 Nb6 12. a5 Nc4 13. Bxc4 Bxc4 14. Rfd1 Rc8 15. f4 Qe8 16. f5 Qc6 17. Nd5 Bxd5 18. exd5 Qxc2 19. Qxc2 Rxc2 20. Rd2 Rxd2
0-1

[Event "Randy(Beauregard)  Bahr III memorial"]
[Site "SchemingMind.com"]
[Date "2025.01.02"]
[Round "-"]
[White "Matthew Bailey"]
[Black "Robert Hatfield"]
[Result "1-0"]
[WhiteCountry "ENG"]
[BlackCountry "USA"]
[WhiteElo "2569"]
[WhiteRD "70"]
[BlackElo "1712"]
[BlackRD "56"]
[GameID "750369"]

1. Nf3 d5 2. c4 e6 3. d4 Nf6 4. cxd5 exd5 5. Nc3 c6 6. Qc2 Be7 7. Bf4 O-O 8. h3 h6 9. e3 Be6 10. Bd3 Nbd7
11. O-O b5 12. Ne5 Qb6 13. Rac1 Rac8 14. Qe2 Nxe5 15. dxe5 Nd7 16. Qh5 b4 17. Bxh6
1-0

[Event "Randy(Beauregard)  Bahr III memorial"]
[Site "SchemingMind.com"]
[Date "2025.01.04"]
[Round "-"]
[White "Robert Bruce"]
[Black "George Dimitrov"]
[Result "1/2-1/2"]
[WhiteCountry "SCO"]
[BlackCountry "BUL"]
[WhiteElo "2318"]
[WhiteRD "66"]
[BlackElo "2544"]
[BlackRD "84"]
[GameID "750374"]

1. c4 e5 2. Nc3 Nf6 3. Nf3 Nc6 4. g3 d5 5. cxd5 Nxd5 6. Bg2 Bc5 7. Nxe5 Nxc3 8. bxc3 Nxe5 9. d4 Bd6 10. dxe5 Bxe5
11. O-O O-O 12. Rb1 c6 13. Qc2 Qc7 14. a4 Be6 15. Be3 Rfd8 16. Be4 g6 17. Rfd1 Rxd1+ 18. Rxd1 a6 19. c4 Rd8 20. Rb1 Rd7
21. Kg2 Bg7 22. h4 h5 23. Bd2 Qe5 24. Bd3 Bg4 25. Bf4 Qc5 26. Be3 Qa5 27. Rb6 Qe5 28. Qb3 Be6 29. Qb1 Kh7 30. Kh2 Qa5
31. f4 Qxa4 32. f5 gxf5 33. Bxf5+ Kg8=
1/2-1/2

[Event "Randy(Beauregard)  Bahr III memorial"]
[Site "SchemingMind.com"]
[Date "2025.01.04"]
[Round "-"]
[White "George Dimitrov"]
[Black "Robert Bruce"]
[Result "*"]
[WhiteCountry "BUL"]
[BlackCountry "SCO"]
[WhiteElo "2544"]
[WhiteRD "84"]
[BlackElo "2318"]
[BlackRD "66"]
[GameID "750375"]

1. e4 c5 2. Nf3 d6 3. d4 cxd4 4. Nxd4 Nf6 5. Nc3 a6 6. Be3 e5 7. Nb3 Be6 8. f3 h5 9. Qd2 Nbd7 10. O-O-O Be7
11. Kb1 b5 12. Nd5 Bxd5 13. exd5 Nb6 14. Bxb6 Qxb6 15. Na5 Rc8 16. c4 bxc4 17. Nxc4 Qa7 18. Na5 Rc5 19. Nc6 Qb6 20. Rc1 Rxc1+
21. Kxc1 Qc5+ 22. Kb1 Nxd5 23. Nb8 a5 24. Be2 Nf4 25. Rc1 Qb6 26. Rc8+ Bd8 27. Bf1 Ne6 28. Qd5 Qg1 29. Qb5+ Ke7 30. a3 Kf6
31. Ka2 Kg5 32. Nc6 g6 33. Nxe5 Kf6 34. Nc6 Kg7 35. Nxd8 Rxd8 36. Rxd8 Nxd8 37. Bc4 Qd4 38. Qd5 Qb6 39. f4 Ne6 40. f5 gxf5
41. Qxf5 Qd4 42. Be2 Nf4 43. Bf1 a4 44. Qg5+ Ng6 45. Qxh5 Ne5 46. Qg5+ Kf8 47. Qc1 Qd5+ 48. Ka1 Nd7 49. Qc8+ Ke7 50. Qc2 Qe5
51. Qe2 f6 52. Qxe5+ fxe5 53. Bb5 Nc5 54. b4 axb3 55. a4 Nb7 56. Bc6
*

[Event "Randy(Beauregard)  Bahr III memorial"]
[Site "SchemingMind.com"]
[Date "2025.01.04"]
[Round "-"]
[White "William Lindberg"]
[Black "George Dimitrov"]
[Result "0-1"]
[WhiteCountry "USA"]
[BlackCountry "BUL"]
[WhiteElo "2348"]
[WhiteRD "67"]
[BlackElo "2557"]
[BlackRD "87"]
[GameID "750376"]

1. e4 e5 2. Nf3 Nc6 3. Bb5 a6 4. Ba4 Nf6 5. O-O Be7 6. Re1 b5 7. Bb3 d6 8. c3 O-O 9. h3 Bb7 10. d4 Re8
11. Nbd2 Bf8 12. a4 h6 13. axb5 axb5 14. Rxa8 Qxa8 15. d5 Nb8 16. g4 Nbd7 17. g5 hxg5 18. Nxg5 g6 19. Ndf3 Be7 20. Be3 Kg7
21. c4 Rh8 22. cxb5 Nh7 23. Nxh7 Rxh7 24. Kg2 Qd8 25. Rh1 Bc8 26. h4 Bxh4 27. Nxh4 Rxh4 28. Bc2 Nb6 29. Qe1 Bd7 30. Bd3 f5
31. f3 Rxh1 32. Qxh1 f4 33. Bf2 g5 34. Be2 Be8 35. Kh2 Bd7 36. Kg1 Qf6 37. b3 Qh6 38. Qg2 Kf7 39. Bxb6 cxb6 40. Qf2 Qh3
41. Bf1 Qh5 42. Qxb6 Qxf3 43. Qf2 Qxf2+ 44. Kxf2 Ke7 45. b6 Kd8 46. Ba6 g4 47. Kf1 g3 48. Kg2 Bg4 49. b4 Kd7 50. Bb5+ Kc8
51. Bc6 Kb8 52. Bb5 Kb7 53. Bc4 Kxb6 54. Bd3 Bd7 55. Bb1 Kb5 56. Bd3+ Kxb4 57. Be2 Kc3 58. Bd1 Kd3 59. Bh5 Kxe4 60. Bf7 Ke3
61. Bh5 e4 62. Bg6 f3+ 63. Kxg3 f2 64. Kg2 Bb5 65. Bxe4 f1=Q+ 66. Kg3 Kxe4
0-1

[Event "Randy(Beauregard)  Bahr III memorial"]
[Site "SchemingMind.com"]
[Date "2025.01.04"]
[Round "-"]
[White "George Dimitrov"]
[Black "William Lindberg"]
[Result "1-0"]
[WhiteCountry "BUL"]
[BlackCountry "USA"]
[WhiteElo "2544"]
[WhiteRD "84"]
[BlackElo "2325"]
[BlackRD "63"]
[GameID "750377"]

1. e4 e5 2. Nf3 Nc6 3. Bb5 a6 4. Ba4 Nf6 5. O-O Nxe4 6. d4 b5 7. Bb3 d5 8. dxe5 Be6 9. Nbd2 Nc5 10. c3 Be7
11. Bc2 Bg4 12. Re1 O-O 13. Nb3 Ne6 14. Qd3 g6 15. Bh6 Re8 16. Qe3 Ng7 17. Nfd4 Nxd4 18. cxd4 a5 19. Bd3 a4 20. Nc5 Bxc5
21. dxc5 c6 22. Bg5 Qa5 23. Bf6 a3 24. b4 Qxb4 25. Rab1 Qa4 26. h3 Bd7 27. Qh6 Ne6 28. Bf5 gxf5 29. Rb3 f4 30. Kh2 Reb8
31. Rf3 Qc2 32. Rxf4 Ra4 33. Rxa4 bxa4 34. Re3 Qxf2 35. Rg3+ Qxg3+ 36. Kxg3 d4 37. Qh4 Rb7 38. Qg4+ Kf8 39. Qd1 Be8 40. Qc2 Kg8
41. Qxa4 Rd7 42. Qa8 Kf8 43. Qxc6 d3 44. Qe4 Kg8 45. c6 Rc7 46. Qxd3 Bxc6 47. Kh2 Rd7 48. Qg3+ Kf8 49. Qc3 Rc7 50. Qxa3+ Ke8
51. Qd6 h5 52. a3 Bb5 53. Bd8 Rd7 54. Qb8 Nxd8 55. Qxb5 Ne6 56. a4 Nc7 57. Qb8+ Ke7 58. a5 Ke6 59. Qc8 Ke7 60. a6 Ke6
61. a7 h4 62. a8=Q Nxa8 63. Qc6+ Ke7 64. Qxa8 f6 65. exf6+ Kxf6 66. Qh8+ Rg7 67. Qxh4+ Ke6 68. Qh6+ Kf7 69. Qxg7+ Kxg7 70. g4 Kh8
71. h4 Kg8 72. Kg3 Kg7 73. h5 Kh6 74. Kf4 Kg7 75. g5 Kh8 76. h6 Kg8 77. g6 Kf8 78. Kf5 Kg8 79. Kf6 Kh8 80. g7+ Kg8
81. h7+
1-0

[Event "Randy(Beauregard)  Bahr III memorial"]
[Site "SchemingMind.com"]
[Date "2025.01.04"]
[Round "-"]
[White "George Dimitrov"]
[Black "Robert Hatfield"]
[Result "1-0"]
[WhiteCountry "BUL"]
[BlackCountry "USA"]
[WhiteElo "2545"]
[WhiteRD "88"]
[BlackElo "1712"]
[BlackRD "56"]
[GameID "750378"]

1. e4 e5 2. Nf3 Nc6 3. Bb5 a6 4. Ba4 Nf6 5. O-O Nxe4 6. d4 b5 7. Bb3 d5 8. dxe5 Be6 9. c3 Bc5 10. Qd3 O-O
11. Be3 Bxe3 12. Qxe3 Ne7 13. Bc2 c5 14. Nbd2 Nxd2 15. Qxd2 Ng6 16. Ng5 Qd7 17. f4 Bf5 18. Bxf5 Qxf5 19. h3 Qd7 20. Rad1 Rad8
21. Qe3 Qc7 22. e6
1-0

[Event "Randy(Beauregard)  Bahr III memorial"]
[Site "SchemingMind.com"]
[Date "2025.01.04"]
[Round "-"]
[White "Robert Hatfield"]
[Black "George Dimitrov"]
[Result "0-1"]
[WhiteCountry "USA"]
[BlackCountry "BUL"]
[WhiteElo "1712"]
[WhiteRD "56"]
[BlackElo "2545"]
[BlackRD "88"]
[GameID "750379"]

1. e4 e5 2. Nf3 Nc6 3. Bb5 a6 4. Ba4 Nf6 5. O-O Be7 6. Re1 b5 7. Bb3 d6 8. c3 O-O 9. h3 Bb7 10. d4 Re8
11. Nbd2 Bf8 12. Bc2 g6 13. d5 Nb8 14. c4 Nbd7 15. b3 c6 16. Bb2 Qc7 17. Nf1 cxd5 18. cxd5 Rec8 19. Rc1 b4 20. Bb1 Nc5
21. Ne3 a5 22. Ng4 Nxg4 23. hxg4 Qd7 24. Qd2 Qxg4 25. Qe2 Bh6 26. Nd2 Qxe2 27. Rxe2 Ba6 28. Nc4 Bxc1 29. Bxc1 a4 30. Re1 axb3
0-1

[Event "Randy(Beauregard)  Bahr III memorial"]
[Site "SchemingMind.com"]
[Date "2025.01.04"]
[Round "-"]
[White "George Dimitrov"]
[Black "Matthew Bailey"]
[Result "1/2-1/2"]
[WhiteCountry "BUL"]
[BlackCountry "ENG"]
[WhiteElo "2557"]
[WhiteRD "87"]
[BlackElo "2571"]
[BlackRD "71"]
[GameID "750380"]

1. e4 c5 2. Nf3 d6 3. d4 cxd4 4. Bg5 h6 5. Bd2 Nf6 6. Bd3 e5 7. c3 dxc3 8. Nxc3 Be7 9. h3 O-O 10. O-O Be6
11. Qe2 Re8 12. Rfd1 Bf8 13. Be3 Nc6 14. Bb5 Qa5 15. Bc4 Rac8 16. Bxe6 fxe6 17. Nh2 a6 18. Ng4 Qd8 19. Rac1 Kh7 20. Nxf6+ Qxf6
21. Na4 Nd4 22. Qd3 Rxc1 23. Rxc1 Nc6 24. Nb6 Rd8 25. Nc4 Kg8 26. Bb6 Rd7 27. Na5 Nxa5 28. Bxa5 d5 29. Rc8 d4 30. Qa3 Rf7
31. f3 Kh7 32. Qb3 Rd7 33. Qb6 Qf7 34. Bd2 Be7 35. Kf1 d3 36. Rc1 Bh4 37. Rd1 Qe7 38. Be3 Bg5 39. Bxg5 hxg5 40. Qe3=
1/2-1/2

[Event "Randy(Beauregard)  Bahr III memorial"]
[Site "SchemingMind.com"]
[Date "2025.01.04"]
[Round "-"]
[White "Matthew Bailey"]
[Black "George Dimitrov"]
[Result "1/2-1/2"]
[WhiteCountry "ENG"]
[BlackCountry "BUL"]
[WhiteElo "2569"]
[WhiteRD "70"]
[BlackElo "2545"]
[BlackRD "88"]
[GameID "750381"]

1. c4 e5 2. g3 c6 3. d4 e4 4. d5 Bb4+ 5. Bd2 Qe7 6. Nh3 Nf6 7. Nc3 O-O 8. Bg2 cxd5 9. Nxd5 Nxd5 10. cxd5 a5
11. a3 Bxd2+ 12. Qxd2 d6 13. Ng5 f5 14. Rd1 h6 15. Ne6 Bxe6 16. dxe6 Qxe6 17. Qxd6 Qxd6 18. Rxd6 Ra6 19. Rxa6 Nxa6 20. g4 g6
21. h4 Kg7 22. gxf5 gxf5 23. Rh3 Nc5 24. Rc3 b6 25. f3 Na4 26. Rc7+ Rf7=
1/2-1/2

[Event "Randy(Beauregard)  Bahr III memorial"]
[Site "SchemingMind.com"]
[Date "2025.01.03"]
[Round "-"]
[White "Robert Bruce"]
[Black "palberto1963"]
[Result "*"]
[WhiteCountry "SCO"]
[BlackCountry "ESP"]
[WhiteElo "2318"]
[WhiteRD "66"]
[BlackElo "2539"]
[BlackRD "64"]
[GameID "750382"]

1. d4 d5 2. Nf3 Nf6 3. e3 e6 4. Bd3 b6 5. b3 Bb4+ 6. c3 Be7 7. O-O Bb7 8. Bb2 O-O 9. Nbd2 Nbd7 10. Rc1 Rc8
11. Qe2 c5 12. Rfd1 Rc7 13. Ne5 Nxe5 14. dxe5 Ne4 15. Nxe4 dxe4 16. Bxe4 Qa8 17. Bxb7 Qxb7 18. c4 Rd7 19. Rxd7 Qxd7 20. Rd1 Qc6
21. Bc3 a6 22. a4 Rb8 23. Qf3 Qc8 24. Ra1 Qd7 25. Qd1 Qc8 26. Qf3 Qd7 27. h3 g6 28. Rd1 Qe8 29. Ra1 Kg7 30. g3 Qc8
31. Kg2 h6 32. g4 Rb7 33. Kg3 b5 34. Rd1 Rd7 35. axb5 axb5 36. cxb5 Rxd1 37. Qxd1 Qb7 38. Qe2 Qh1 39. e4 h5 40. gxh5 gxh5
41. b6 c4
*

[Event "Randy(Beauregard)  Bahr III memorial"]
[Site "SchemingMind.com"]
[Date "2025.01.03"]
[Round "-"]
[White "palberto1963"]
[Black "Robert Bruce"]
[Result "*"]
[WhiteCountry "ESP"]
[BlackCountry "SCO"]
[WhiteElo "2539"]
[WhiteRD "64"]
[BlackElo "2318"]
[BlackRD "66"]
[GameID "750383"]

1. c4 e6 2. Nf3 d5 3. d4 Nd7 4. Nc3 c6 5. e4 dxe4 6. Nxe4 Ngf6 7. Bd3 Nxe4 8. Bxe4 Nf6 9. Bc2 c5 10. O-O cxd4
11. Bf4 Bc5 12. Qd3 b5 13. Rac1 Bb7 14. cxb5 Rc8 15. Rfd1 Bd6 16. Ne5 Nd5 17. Qxd4 O-O 18. Bg3 f5 19. Nf3 Bc5 20. Qe5 Qf6
21. Bb3 Qg6 22. h4 f4 23. h5 Qh6 24. Bh4 Rf5 25. Qe4 Rxh5 26. a4 Kh8 27. Rc2 a6 28. bxa6 Bxa6 29. a5 Qg6 30. Qxg6 hxg6
31. Bg5 Ne3 32. Rxc5 Rxc5 33. fxe3 Rhxg5 34. Nxg5 Rxg5 35. exf4 Rxa5 36. Bxe6 Kh7 37. Kf2 g5 38. f5 Ra4 39. g3 Bb7 40. f6
*

[Event "Randy(Beauregard)  Bahr III memorial"]
[Site "SchemingMind.com"]
[Date "2025.01.03"]
[Round "-"]
[White "William Lindberg"]
[Black "palberto1963"]
[Result "0-1"]
[WhiteCountry "USA"]
[BlackCountry "ESP"]
[WhiteElo "2325"]
[WhiteRD "63"]
[BlackElo "2539"]
[BlackRD "64"]
[GameID "750384"]

1. e4 e5 2. Nf3 Nc6 3. Bb5 Nf6 4. O-O Nxe4 5. d4 Nd6 6. Bxc6 dxc6 7. dxe5 Nf5 8. Qxd8+ Kxd8 9. Nc3 Bd7 10. Rd1 Kc8
11. Ng5 Be8 12. e6 f6 13. Nge4 b6 14. a4 a5 15. f3 Kb7 16. Kf2 Be7 17. Ne2 g5 18. Bd2 Rf8 19. Bc3 h5 20. N2g3 Nh4
21. Rd3 f5 22. Nd2 Rg8 23. Nc4 f4 24. Ne4 Rg6 25. g3 Nf5 26. Re1 Rxe6 27. Re2 Rc8 28. b3 Bg6 29. Rd7 fxg3+ 30. hxg3 g4
31. Ned6+ Rxd6 32. Rdxe7 Nxe7 33. Nxd6+ cxd6 34. Rxe7+ Rc7 35. Re2 gxf3 36. Kxf3 Rf7+ 37. Kg2 d5 38. Be1 Be4+ 39. Kg1 c5 40. Bc3 Rf3
41. Be5 Kc6 42. c3 Bf5 43. Kg2 Bg4 44. Ra2 Re3 45. Bg7 Re2+ 46. Rxe2 Bxe2 47. Kf2 Bd1 48. Bh6 Bxb3 49. Bd2 Bxa4 50. Kf3 Kb5
51. Bg5 Bc2 52. Kf4 a4 53. Ke5 Kc4 54. Bc1 b5 55. Bb2 b4 56. cxb4 cxb4 57. Kf4 d4 58. Bc1 d3 59. g4 hxg4 60. Kxg4 a3
0-1